000 00602nam a2200229Ia 4500
003 OSt
005 20220918174608.0
006 a|||||r|||| 00| 0
007 ta
008 220917b |||||||| |||| 00| 0 eng d
024 _a13,028
037 _cTextual
040 _aARTS
_cARTS
_beng
041 _2eng
_aeng
082 _aN542, J2
100 _aBowie Henry P.
_951034
245 0 _aOn the laws of Lapanese painting
_b Introduction to the study of the art of Japan
260 _c1952
650 _aARTS
942 _hN542, J2
_cTEXL
_2CC
999 _c153851
_d153851